[Event "Karnevals-Open"]
[Site "Solingen"]
[Date "2012.02.19"]
[Round "4.1"]
[White "Coenen, Michael"]
[Black "Wolter, Kai"]
[Result "1-0"]
[WhiteElo "2296"]
[BlackElo "2240"]
[PlyCount "89"]
[EventDate "2012.??.??"]
[WhiteTeam "SG Hochneukirch"]
[BlackTeam "SK Münster 32 e.V."]

1. e4 c5 2. Nc3 Nc6 3. Nf3 e6 4. d4 cxd4 5. Nxd4 Qc7 6. Be2 a6 7. O-O Nf6 8. a3
Be7 9. Be3 d6 10. f4 O-O 11. Nb3 b5 12. Bf3 Bb7 13. Qd2 Rac8 14. Qf2 Rfe8 15.
Rfd1 b4 16. axb4 Nxb4 17. Rd2 d5 18. e5 Ne4 19. Bxe4 dxe4 20. Bb6 Qb8 21. Bc5
Bxc5 22. Nxc5 e3 23. Qxe3 Qa7 24. N3a4 Bc6 25. c3 Nd5 26. Qf2 Nxf4 27. Qxf4
Bxa4 28. b4 Bb5 29. c4 Rxc5 30. bxc5 Qxc5+ 31. Rf2 Bc6 32. Qxf7+ Kh8 33. Rxa6
h6 34. Qc7 Rf8 35. Qb6 Qxb6 36. Rxb6 Rc8 37. Rf4 Kh7 38. Kf2 Kg6 39. Ke3 h5 40.
g3 Rc7 41. Kd4 Bd7 42. Rd6 Bc8 43. c5 Ra7 44. c6 Ra2 45. Rf8 1-0

[Event "Karnevals-Open"]
[Site "Solingen"]
[Date "2012.02.19"]
[Round "4.2"]
[White "Nagel, Bernhard"]
[Black "König, Falk"]
[Result "1/2-1/2"]
[WhiteElo "2281"]
[BlackElo "2147"]
[PlyCount "77"]
[EventDate "2012.??.??"]
[WhiteTeam "Wiesbadener SV 1885"]
[BlackTeam "SF Vonkeln 1931"]

1. Nf3 d5 2. d4 c6 3. c4 Nf6 4. Nc3 e6 5. Bg5 Be7 6. e3 Nbd7 7. Rc1 O-O 8. Bd3
Re8 9. O-O b6 10. Re1 Bb7 11. cxd5 exd5 12. Qc2 h6 13. Bxf6 Nxf6 14. Ne5 Qd6
15. f4 c5 16. Bf5 Bc8 17. Nb5 Qb8 18. g4 Bxf5 19. Qxf5 Qc8 20. Qxc8 Rexc8 21.
Nc3 cxd4 22. exd4 Bb4 23. h3 Bxc3 24. bxc3 b5 25. g5 hxg5 26. fxg5 Ne4 27. c4
bxc4 28. g6 fxg6 29. Nxg6 Rc7 30. Nf4 Rd7 31. Re2 Rc8 32. Kg2 g5 33. Nxd5 Rxd5
34. Rxe4 c3 35. Re3 Rxd4 36. Rexc3 Rxc3 37. Rxc3 Rd2+ 38. Kg3 Rxa2 39. Rc5
1/2-1/2

[Event "Karnevals-Open"]
[Site "Solingen"]
[Date "2012.02.19"]
[Round "4.3"]
[White "Kappelt, Jörg"]
[Black "Gülsen, Taylan"]
[Result "1-0"]
[WhiteElo "2149"]
[BlackElo "1958"]
[PlyCount "77"]
[EventDate "2012.??.??"]
[WhiteTeam "SV 1922 Hilden"]
[BlackTeam "Schachgemeinschaft Niederkassel"]

1. d4 d5 2. Nf3 c6 3. c4 e6 4. e3 Bd6 5. Nc3 f5 6. g3 Nf6 7. b3 Nbd7 8. Bg2 O-O
9. O-O Ne4 10. Bb2 Qf6 11. Ne1 Qh6 12. Nxe4 fxe4 13. Qc1 Nf6 14. Ba3 Bxa3 15.
Qxa3 e5 16. dxe5 Ng4 17. h4 Nxe5 18. cxd5 cxd5 19. Qe7 Nf3+ 20. Bxf3 exf3 21.
Nd3 Bf5 22. Nf4 Rae8 23. Qg5 Qxg5 24. hxg5 Be4 25. Rac1 Rc8 26. Ne6 Rfe8 27.
Nf4 Kf7 28. g4 b5 29. a3 a5 30. Rfd1 a4 31. Rxc8 Rxc8 32. bxa4 bxa4 33. Nxd5
Rc5 34. Nf4 Rxg5 35. Rd7+ Ke8 36. Rd8+ Ke7 37. Rd4 Rxg4+ 38. Kh2 Bf5 39. Rxa4 {
Zeitüberschreitung} 1-0

[Event "Karnevals-Open"]
[Site "Solingen"]
[Date "2012.02.19"]
[Round "4.4"]
[White "Besel, Waldemar"]
[Black "Peters, Alex"]
[Result "1-0"]
[WhiteElo "2076"]
[BlackElo "2208"]
[PlyCount "69"]
[EventDate "2012.??.??"]
[WhiteTeam "SV Betzdorf-Kirchen"]
[BlackTeam "Brühler SK 1920 e.V."]

1. Nf3 e6 2. d4 b6 3. g3 Bb7 4. Bg2 Nf6 5. O-O d5 6. Nbd2 Be7 7. c4 O-O 8. b3
Nbd7 9. Bb2 Ne4 10. Rc1 f5 11. e3 Bf6 12. Ne1 c6 13. f3 Nxd2 14. Qxd2 Qe7 15.
f4 Rfc8 16. Nd3 g5 17. Kh1 g4 18. h3 gxh3 19. Bxh3 dxc4 20. bxc4 Qg7 21. Kh2 c5
22. Ne5 Rd8 23. Qf2 Nxe5 24. fxe5 Bg5 25. Rcd1 Qh6 26. d5 Bxe3 27. Qf3 b5 28.
g4 f4 29. g5 Qh4 30. Qg4 Qxg4 31. Bxg4 exd5 32. cxd5 Bc8 33. e6 Re8 34. Bh5 Kf8
35. Be5 1-0

[Event "Karnevals-Open"]
[Site "Solingen"]
[Date "2012.02.19"]
[Round "4.5"]
[White "Seger, Rüdiger"]
[Black "Fichtner, Ewald"]
[Result "1-0"]
[WhiteElo "2390"]
[BlackElo "2012"]
[PlyCount "71"]
[EventDate "2012.??.??"]
[WhiteTeam "SG Trier"]
[BlackTeam "SG Solingen e.V."]

1. e4 c6 2. d4 d5 3. Nc3 dxe4 4. Nxe4 Bf5 5. Ng3 Bg6 6. h4 h6 7. Nf3 Nd7 8. h5
Bh7 9. Bd3 Bxd3 10. Qxd3 e6 11. Bf4 Qa5+ 12. Bd2 Bb4 13. c3 Be7 14. a4 Ngf6 15.
b4 Qc7 16. Qe2 O-O 17. Ne5 Nxe5 18. dxe5 Nd5 19. O-O a5 20. bxa5 Qxa5 21. c4
Bb4 22. Bxb4 Nxb4 23. f4 Rad8 24. Ne4 Rd4 25. Ra3 Kh8 26. Rg3 Rxe4 27. Qxe4
Qc5+ 28. Kh2 Rd8 29. Qe2 Rd4 30. Qg4 Qf8 31. Rd1 c5 32. Rxd4 cxd4 33. f5 Nc6
34. f6 g5 35. hxg6 fxg6 36. Qxe6 1-0

[Event "Karnevals-Open"]
[Site "Solingen"]
[Date "2012.02.19"]
[Round "4.6"]
[White "Bröhl, Stephan"]
[Black "Speck, Stefan"]
[Result "1/2-1/2"]
[WhiteElo "2140"]
[BlackElo "1983"]
[PlyCount "31"]
[EventDate "2012.??.??"]
[WhiteTeam "Godesberger SK 1929 e.V."]
[BlackTeam "SC Solingen 1928 e.V."]

1. e4 Nf6 2. Nc3 d5 3. e5 d4 4. exf6 dxc3 5. fxg7 cxd2+ 6. Bxd2 Bxg7 7. Qf3 Qd4
8. Bc3 Qg4 9. Qxg4 Bxc3+ 10. bxc3 Bxg4 11. Rb1 b6 12. Bd3 Nd7 13. Ne2 Bxe2 14.
Kxe2 O-O-O 15. Rb4 Nc5 16. Rh4 1/2-1/2

[Event "Karnevals-Open"]
[Site "Solingen"]
[Date "2012.02.19"]
[Round "4.7"]
[White "Schwarz, Ingo"]
[Black "Flesch, Dr. Stefan"]
[Result "1/2-1/2"]
[WhiteElo "1992"]
[BlackElo "2110"]
[PlyCount "131"]
[EventDate "2012.??.??"]
[WhiteTeam "FS 98 Dortmund"]
[BlackTeam "Düsseldorfer SK 14/25 e."]

1. e4 g6 2. Bc4 Bg7 3. d4 d6 4. Nf3 e6 5. Nc3 Ne7 6. Bg5 h6 7. Bxe7 Qxe7 8. Qd2
a6 9. a4 b6 10. O-O O-O 11. Rfe1 Nd7 12. Re2 Bb7 13. Rae1 c5 14. Rd1 cxd4 15.
Nxd4 Ne5 16. Bb3 g5 17. f4 gxf4 18. Qxf4 Qg5 19. Qxg5 hxg5 20. h3 Rad8 21. Nf3
Bf6 22. Kf2 Kg7 23. Red2 Nxf3 24. gxf3 Be5 25. Rg1 Kf6 26. Nd1 b5 27. axb5 axb5
28. c3 Bc6 29. Ne3 Bf4 30. Rd3 Rh8 31. Rh1 Ke7 32. Ng2 Be5 33. Rdd1 Rb8 34. Rb1
Rh7 35. Ne3 Rbh8 36. Kg2 Bf4 37. Nc2 Ra8 38. Nb4 Bd7 39. Nd3 e5 40. Nb4 Rah8
41. Nd5+ Kf8 42. Ra1 Bxh3+ 43. Kf2 Be6 44. Ra8+ Kg7 45. Rxh8 Rxh8 46. Rxh8 Kxh8
47. Bc2 Bc1 48. b3 Bb2 49. c4 bxc4 50. bxc4 Kg7 51. Bd3 Bd4+ 52. Kg3 Kf8 53.
Bc2 Bb2 54. Ba4 Bc1 55. Bb5 Bd2 56. Ba4 Kg7 57. Nc7 Be1+ 58. Kg2 Bxc4 59. Ne8+
Kg6 60. Nxd6 Be6 61. Bb5 Bb4 62. Nc4 f6 63. Ne3 Bc5 64. Be8+ Bf7 65. Bxf7+ Kxf7
66. Nf5 1/2-1/2

[Event "Karnevals-Open"]
[Site "Solingen"]
[Date "2012.02.19"]
[Round "4.8"]
[White "Coenen, Siegfried"]
[Black "Philippe, Denis-Emanuel"]
[Result "1-0"]
[WhiteElo "1980"]
[BlackElo "2103"]
[PlyCount "76"]
[EventDate "2012.??.??"]
[WhiteTeam "SG Hochneukirch"]

1. e4 c6 2. d4 d5 3. Nc3 dxe4 4. Nxe4 Nd7 5. Bc4 Ngf6 6. Qf3 e6 7. Bg5 Qa5+ 8.
Bd2 Qc7 9. Bf4 Qa5+ 10. Bd2 Qb6 11. Bc3 Nxe4 12. Qxe4 Nf6 13. Qe2 Nd5 14. Nf3
Bd6 15. O-O O-O 16. Rab1 Qc7 17. Bd2 Nf4 18. Qe4 f5 19. Qe1 Rf6 20. Ne5 Nd5 21.
a3 c5 22. c3 b6 23. Rc1 Kh8 24. Bxd5 exd5 25. Nf3 Ba6 26. dxc5 bxc5 27. Bg5 Rg6
28. Qd2 Bxf1 29. Qxd5 Rf8 30. Kxf1 h6 31. Be3 f4 32. Bd2 Qf7 33. Qxf7 Rxf7 34.
c4 Re6 35. Bc3 Kh7 36. Rd1 Rd7 37. h3 g5 38. Rd5 Kg6 {Rest unleserlich} 1-0

[Event "Karnevals-Open"]
[Site "Solingen"]
[Date "2012.02.19"]
[Round "4.9"]
[White "Täger, Torsten"]
[Black "Zolfagharian, Kevin"]
[Result "1/2-1/2"]
[WhiteElo "2095"]
[BlackElo "1979"]
[PlyCount "91"]
[EventDate "2012.??.??"]
[WhiteTeam "SV Lahn Limburg"]
[BlackTeam "SG Solingen e.V."]

1. e4 c5 2. Nc3 Nc6 3. f4 g6 4. Nf3 Bg7 5. Bb5 Nd4 6. O-O Nxb5 7. Nxb5 d6 8. c4
Nf6 9. d3 O-O 10. Qe1 a6 11. Nc3 Bd7 12. h3 Bc6 13. a4 b5 14. axb5 axb5 15.
Rxa8 Qxa8 16. cxb5 Bd7 17. Ng5 h6 18. e5 hxg5 19. exf6 Bxf6 20. fxg5 Be5 21.
Bf4 Bd4+ 22. Kh2 e5 23. Bg3 Bf5 24. Qe2 Bxc3 25. bxc3 Qd5 26. c4 Bxd3 27. Rd1
Bxe2 28. Rxd5 Bxc4 29. Rxd6 Bxb5 30. Bxe5 c4 31. Bf6 Rc8 32. Rd4 Kf8 33. Rh4
Ke8 34. Rh8+ Kd7 35. Rxc8 Kxc8 36. g4 Kd7 37. Kg3 Ke8 38. Bg7 Ba4 39. Kf3 Bd1+
40. Ke3 Ke7 41. Ke4 Ke8 42. Kd4 c3 43. Kxc3 Bf3 44. Kd4 Bg2 45. h4 Bf3 46. h5
1/2-1/2

[Event "Karnevals-Open"]
[Site "Solingen"]
[Date "2012.02.19"]
[Round "4.10"]
[White "Brecker, Hans-Jörg"]
[Black "Conrad, Joachim"]
[Result "1/2-1/2"]
[WhiteElo "1966"]
[BlackElo "2086"]
[PlyCount "55"]
[EventDate "2012.??.??"]
[WhiteTeam "SF Erkelenz 1959 e.V."]
[BlackTeam "Velberter SG 192"]

1. d4 d6 2. Nf3 Nf6 3. c4 Nbd7 4. g3 g6 5. Bg2 Bg7 6. O-O O-O 7. Nc3 c6 8. Qc2
Qc7 9. b3 a5 10. Bb2 Re8 11. Rac1 e5 12. e3 Nh5 13. Rfd1 f5 14. dxe5 dxe5 15.
Ba3 e4 16. Bd6 Qd8 17. Nd2 Qf6 18. c5 Ne5 19. Bf1 b5 20. a4 b4 21. Bxe5 Qxe5
22. Ne2 Nf6 23. Qc4+ Be6 24. Qd4 Nd5 25. Qxe5 Bxe5 26. Nc4 Bc7 27. Nd4 Bd7 28.
Nb6 1/2-1/2

[Event "Karnevals-Open"]
[Site "Solingen"]
[Date "2012.02.19"]
[Round "4.11"]
[White "Jablonowski, Christoph"]
[Black "Turco, Alfonso"]
[Result "0-1"]
[WhiteElo "1963"]
[BlackElo "2074"]
[PlyCount "104"]
[EventDate "2012.??.??"]
[WhiteTeam "Krefelder SK Turm 1851 e"]
[BlackTeam "Satranc Club 2000"]

1. d4 Nf6 2. c4 c5 3. d5 g6 4. Nc3 Bg7 5. e4 d6 6. Be2 O-O 7. f4 e6 8. Nf3 exd5
9. cxd5 b5 10. e5 dxe5 11. fxe5 Ng4 12. Bf4 Re8 13. d6 Nd7 14. Nxb5 Rb8 15. Nc7
Rxe5 16. Nxe5 Ndxe5 17. h3 g5 18. Bxe5 Nxe5 19. O-O g4 20. Bxg4 Bxg4 21. hxg4
Qh4 22. Qe1 Qxg4 23. Rd1 Rxb2 24. Rd2 Rxd2 25. Qxd2 Nd7 26. Rf3 Bd4+ 27. Kh1
Ne5 28. Qf4 Qh5+ 29. Rh3 Qd1+ 30. Kh2 Ng4+ 31. Kg3 Bf2+ 32. Qxf2 Nxf2 33. Kxf2
Qxd6 34. Nb5 Qd2+ 35. Kg1 Qe1+ 36. Kh2 Qe5+ 37. Rg3+ Kf8 38. Nxa7 Qf4 39. Nb5
c4 40. Nc3 h5 41. Kh3 Qc1 42. Rf3 Kg7 43. a4 Kg6 44. Kg3 Qe1+ 45. Kf4 h4 46.
Ne4 f5 47. Nc3 Qg1 48. Ne2 Qxg2 49. Ke3 Kg5 50. a5 Qh1 51. a6 Qa1 52. Nd4 Qc3+
0-1

[Event "Karnevals-Open"]
[Site "Solingen"]
[Date "2012.02.19"]
[Round "4.12"]
[White "Probst, Andreas"]
[Black "Große-Hering, Peter"]
[Result "1/2-1/2"]
[WhiteElo "2043"]
[BlackElo "1938"]
[PlyCount "63"]
[EventDate "2012.??.??"]
[WhiteTeam "Düsseldorfer SK 14/25 e."]
[BlackTeam "SV Horst-Emscher 31"]

1. d4 Nf6 2. c4 g6 3. Nc3 Bg7 4. e4 d6 5. f3 O-O 6. Be3 Nc6 7. Nge2 a6 8. g4
Rb8 9. Ng3 e5 10. d5 Nd4 11. Be2 Bd7 12. Rc1 Ne8 13. h4 b5 14. cxb5 axb5 15. b4
Bf6 16. g5 Bg7 17. Qd2 f5 18. exf5 gxf5 19. Bf2 c5 20. Nd1 Qe7 21. h5 Nc7 22.
h6 Bh8 23. g6 Bf6 24. gxh7+ Kh8 25. bxc5 dxc5 26. Bxd4 exd4 27. Kf1 Nxd5 28.
Qc2 Bg5 29. Qxc5 Bxc1 30. Qxd5 Be3 31. Nxe3 dxe3 32. Qd4+ 1/2-1/2

[Event "Karnevals-Open"]
[Site "Solingen"]
[Date "2012.02.19"]
[Round "4.13"]
[White "Maczkowiak, Thomas"]
[Black "Hobusch, Jan"]
[Result "1/2-1/2"]
[WhiteElo "1923"]
[BlackElo "2036"]
[PlyCount "39"]
[EventDate "2012.??.??"]
[WhiteTeam "SG Ennepe-Ruhr-S"]
[BlackTeam "SG Solingen e.V."]

1. Nf3 Nf6 2. g3 d5 3. Bg2 c6 4. O-O Bf5 5. c4 e6 6. b3 Be7 7. Bb2 h6 8. d3 O-O
9. Nbd2 Nbd7 10. Qc2 Bh7 11. Rfc1 a5 12. a3 Rc8 13. Bc3 b5 14. b4 axb4 15. axb4
bxc4 16. dxc4 Qb6 17. c5 Qb7 18. Nb3 Ne8 19. Na5 Qc7 20. Nd4 1/2-1/2

[Event "Karnevals-Open"]
[Site "Solingen"]
[Date "2012.02.19"]
[Round "4.14"]
[White "Jakob, Matthias"]
[Black "Elefteriadis, Paul-Gabriel"]
[Result "1-0"]
[WhiteElo "2005"]
[BlackElo "1894"]
[PlyCount "107"]
[EventDate "2012.??.??"]
[WhiteTeam "Sportgemeinschaft Kaarst 1912/35"]
[BlackTeam "Gütersloher SV von 192"]

1. e4 c5 2. Nf3 e6 3. d4 cxd4 4. Nxd4 Nc6 5. Nc3 Qc7 6. Be3 a6 7. Bd3 Nf6 8.
O-O Ne5 9. f4 Neg4 10. Bc1 Bc5 11. Nce2 e5 12. fxe5 Qxe5 13. Bf4 Bxd4+ 14. Kh1
Qc5 15. Nxd4 Qxd4 16. e5 Nf2+ 17. Rxf2 Qxf2 18. exf6 Qxf4 19. Qe1+ Kd8 20. Qa5+
Qc7 21. fxg7 Qxa5 22. gxh8=Q+ Kc7 23. Qxh7 Qd5 24. Qe4 Qxe4 25. Bxe4 d6 26. Rf1
Be6 27. g3 Re8 28. Bd3 Kd8 29. a3 Bh3 30. Rc1 f5 31. Kg1 f4 32. gxf4 Rf8 33.
Kf2 Bd7 34. Ke3 Bc6 35. Rf1 Re8+ 36. Kd4 Rh8 37. Rf2 Ke7 38. Be4 Rh4 39. Bxc6
bxc6 40. Kc4 Kd7 41. Kb4 Kc7 42. Ka5 Kb7 43. f5 Rh5 44. Kb4 Rh7 45. f6 Rf7 46.
h4 c5+ 47. Ka5 Kc6 48. h5 Kd7 49. h6 Ke8 50. Kxa6 Kf8 51. Kb6 Rh7 52. Kc6 Rxh6
53. Kxd6 Rh1 54. Rf5 1-0

[Event "Karnevals-Open"]
[Site "Solingen"]
[Date "2012.02.19"]
[Round "4.15"]
[White "Vranidis, Athanassios"]
[Black "Schülke, Tilman"]
[Result "0-1"]
[WhiteElo "1845"]
[BlackElo "2005"]
[PlyCount "48"]
[EventDate "2012.??.??"]
[WhiteTeam "SG Solingen e.V."]
[BlackTeam "Düsseldorfer SV 1854"]

1. d4 d6 2. c4 Nd7 3. Nf3 e6 4. Nc3 Ne7 5. e4 g6 6. Be2 Bg7 7. O-O b6 8. Be3 h6
9. Rc1 a6 10. Nd2 Bb7 11. Nb3 c5 12. dxc5 dxc5 13. Qd2 Nf6 14. Qxd8+ Rxd8 15.
f3 Bc6 16. Rfd1 Rb8 17. a4 Nd7 18. Ra1 Bxc3 19. bxc3 a5 20. Bf4 Rb7 21. e5 g5
22. Bg3 Ng6 23. Rd6 Rc7 24. Rad1 Bxa4 0-1

[Event "Karnevals-Open"]
[Site "Solingen"]
[Date "2012.02.19"]
[Round "4.16"]
[White "Schwarz, Eduard"]
[Black "Lasschuit, René"]
[Result "0-1"]
[WhiteElo "2002"]
[BlackElo "1873"]
[PlyCount "42"]
[EventDate "2012.??.??"]
[WhiteTeam "SG Turm Idstein"]

1. e4 Nf6 2. e5 Nd5 3. c4 Nb6 4. b3 d6 5. exd6 exd6 6. Bb2 Be6 7. Nf3 d5 8. Nd4
Qe7 9. Nxe6 Qxe6+ 10. Be2 Nc6 11. O-O O-O-O 12. cxd5 Nxd5 13. Re1 Kb8 14. Bf3
Qd7 15. Nc3 Nf4 16. Ne4 Nd3 17. Qc2 Nxe1 18. Rxe1 Nb4 19. Nc5 Bxc5 20. Qxc5 Nd3
21. Qa5 Nxe1 0-1

[Event "Karnevals-Open"]
[Site "Solingen"]
[Date "2012.02.19"]
[Round "4.18"]
[White "Peter, Laurenz"]
[Black "Görke, Joachim"]
[Result "1-0"]
[WhiteElo "1826"]
[BlackElo "2167"]
[PlyCount "119"]
[EventDate "2012.??.??"]
[WhiteTeam "Sportgemeinschaft Kaarst 1912/35"]
[BlackTeam "Schachgesellschaft Solingen e.V."]

1. d4 d5 2. c4 e6 3. Nf3 c6 4. g3 f5 5. Bg2 Bd6 6. Qc2 Nf6 7. Bg5 O-O 8. c5 Bc7
9. Nc3 Qe8 10. Bxf6 Rxf6 11. e3 Nd7 12. Nd2 e5 13. dxe5 Nxe5 14. O-O Ng4 15.
Rfe1 Qg6 16. Nf3 Be6 17. Ne2 Raf8 18. Qa4 Qh6 19. Qd4 Qh5 20. Nf4 Qe8 21. Rab1
Bc8 22. Nd3 Rh6 23. h3 Nf6 24. Nf4 Ne4 25. h4 Qe7 26. b4 g5 27. hxg5 Nxg5 28.
Nxg5 Be5 29. Bxd5+ Kh8 30. Qd2 Qxg5 31. Bf3 Rd8 32. Qc2 Rg8 33. Qc4 Qf6 34.
Rbd1 Qe7 35. Qc2 Rf6 36. Kf1 Rff8 37. Rd3 Qf6 38. Ke2 Bxf4 39. gxf4 b5 40. Rd6
Be6 41. Kd2 Rd8 42. Qc3 Qxc3+ 43. Kxc3 Rxd6 44. cxd6 Bd7 45. Kd4 Rg6 46. Kc5
Rg8 47. Rd1 Rb8 48. Rd3 a5 49. bxa5 b4 50. Rb3 Rb5+ 51. Kd4 c5+ 52. Kc4 Rxa5
53. Rb2 Kg7 54. Rd2 Kf6 55. Bd5 h5 56. f3 h4 57. e4 fxe4 58. fxe4 h3 59. e5+
Kf5 60. e6 {und später} 1-0

[Event "Karnevals-Open"]
[Site "Solingen"]
[Date "2012.02.19"]
[Round "4.19"]
[White "Schmidt, Kai-Uwe"]
[Black "Imcke, Patrick"]
[Result "1-0"]
[WhiteElo "2031"]
[BlackElo "1854"]
[PlyCount "43"]
[EventDate "2012.??.??"]
[WhiteTeam "Klub Kölner SF e.V. 1"]
[BlackTeam "Sportfreunde Katernberg 1913 e.V"]

1. d4 Nf6 2. c4 g6 3. Nc3 d5 4. Nf3 Bg7 5. cxd5 Nxd5 6. e4 Nxc3 7. bxc3 c5 8.
Rb1 O-O 9. Be2 b6 10. O-O Bb7 11. Qd3 Nd7 12. Bg5 cxd4 13. cxd4 Nf6 14. d5 Rc8
15. Rfd1 Qd7 16. Rb4 Rfd8 17. Qa3 Ng4 18. Qxa7 h6 19. Bh4 Qc7 20. Rxb6 Rd7 21.
Bb5 Qc2 22. Ba4 1-0

[Event "Karnevals-Open"]
[Site "Solingen"]
[Date "2012.02.19"]
[Round "4.20"]
[White "Reksten, Daniel"]
[Black "Peter, Sebastian"]
[Result "1-0"]
[WhiteElo "1857"]
[BlackElo "1997"]
[PlyCount "69"]
[EventDate "2012.??.??"]
[WhiteTeam "SG Solingen e.V."]
[BlackTeam "Gütersloher SV von 192"]

1. d4 Nf6 2. c4 e6 3. Nc3 Bb4 4. Qc2 O-O 5. e4 c5 6. a3 Qa5 7. axb4 Qxa1 8.
bxc5 Nc6 9. Nf3 Nb4 10. Qd2 b6 11. e5 Ne8 12. cxb6 axb6 13. h4 Bb7 14. h5 d6
15. h6 g6 16. Be2 Rd8 17. O-O Qa8 18. Nb5 Nc6 19. exd6 Nxd6 20. Nxd6 Rxd6 21.
Qf4 Qd8 22. Be3 f6 23. Qg4 Bc8 24. Qg3 Nxd4 25. Nxd4 Rxd4 26. Bxd4 Qxd4 27. Qc7
f5 28. Rd1 Qxb2 29. Rd8 Qa1+ 30. Kh2 Ba6 31. Rxf8+ Kxf8 32. Bf3 Kg8 33. Qd8+
Kf7 34. Qd7+ Kf8 35. Bc6 1-0

[Event "Karnevals-Open"]
[Site "Solingen"]
[Date "2012.02.19"]
[Round "4.21"]
[White "Gröne, Lars"]
[Black "Hanke, Stefan"]
[Result "0-1"]
[WhiteElo "1894"]
[BlackElo "1840"]
[PlyCount "64"]
[EventDate "2012.??.??"]
[WhiteTeam "SVG Salzgitter e.V."]
[BlackTeam "SC Solingen 1928 e.V."]

1. d4 g6 2. c4 Bg7 3. Nc3 c5 4. d5 d6 5. e4 e6 6. f4 exd5 7. cxd5 a6 8. Nf3 Bg4
9. a4 Nd7 10. Bd3 Ne7 11. O-O Qc7 12. Qe1 Bxf3 13. Rxf3 O-O 14. Qh4 Bf6 15. Qg3
c4 16. Bc2 b5 17. h4 b4 18. Ne2 Bg7 19. h5 b3 20. Bb1 Rab8 21. Qh4 Bf6 22. Qh2
Qc5+ 23. Kh1 Qb4 24. Nc3 Rfe8 25. g4 Bxc3 26. Rxc3 Nxd5 27. hxg6 fxg6 28. Bd2
Nxc3 29. Bxc3 Qc5 30. Qh6 Re7 31. e5 Qd5+ 32. Kh2 dxe5 0-1

[Event "Karnevals-Open"]
[Site "Solingen"]
[Date "2012.02.19"]
[Round "4.22"]
[White "Pitz, Marko"]
[Black "Biedeköpper, Robert"]
[Result "0-1"]
[WhiteElo "1690"]
[BlackElo "2111"]
[PlyCount "100"]
[EventDate "2012.??.??"]
[WhiteTeam "Greifswalder SV"]
[BlackTeam "Godesberger SK 1929 e.V."]

1. d4 Nf6 2. c4 c5 3. d5 e6 4. Nc3 exd5 5. cxd5 d6 6. e4 g6 7. Nf3 Bg7 8. Be2
O-O 9. O-O a6 10. a4 Re8 11. Bg5 h6 12. Bxf6 Bxf6 13. Bd3 Nd7 14. Qc2 Rb8 15.
Nd2 Qc7 16. f4 Kg7 17. Rf2 Bd4 18. Raf1 Nf6 19. h3 Nh5 20. Ne2 Bxf2+ 21. Rxf2
b5 22. b4 bxa4 23. Qxa4 Kf8 24. Qa1 Kg8 25. f5 cxb4 26. g4 Ng7 27. f6 b3 28.
Qb2 Ne6 29. dxe6 Bxe6 30. Bxa6 Ra8 31. Bb5 Ra2 32. Qc3 Rc8 33. Qxc7 Rxc7 34.
Nd4 Ra1+ 35. Kg2 b2 36. Nxe6 fxe6 37. Bd3 Rcc1 38. Nb3 b1=Q 39. Bxb1 Raxb1 40.
Nd2 Rb2 41. Kf3 Kf7 42. Ke3 Re1+ 43. Kd3 Rd1 44. Kc3 Rbxd2 45. Rxd2 Rxd2 46.
Kxd2 Kxf6 47. h4 g5 48. h5 Ke5 49. Ke3 d5 50. exd5 exd5 0-1

[Event "Karnevals-Open"]
[Site "Solingen"]
[Date "2012.02.19"]
[Round "4.23"]
[White "Rosenauer, Horst"]
[Black "Özlügedik, Mustafa"]
[Result "1-0"]
[WhiteElo "1836"]
[BlackElo "1586"]
[PlyCount "73"]
[EventDate "2012.??.??"]
[WhiteTeam "Bergische SF 1923 Ber"]
[BlackTeam "Ohligser Turnverein 1888 e.V."]

1. e4 d5 2. exd5 Nf6 3. d4 Bg4 4. Nf3 Qxd5 5. Be2 Nc6 6. c3 O-O-O 7. O-O e6 8.
Be3 h5 9. Nbd2 h4 10. h3 Bf5 11. Qa4 Qa5 12. Qxa5 Nxa5 13. Ne5 Bg6 14. Bf3 b6
15. b4 Nb7 16. Nc6 Rd7 17. Nxa7+ Kb8 18. Nc6+ Kc8 19. Ne5 Re7 20. Bg5 Nd6 21.
a4 Bh5 22. Bc6 Nd5 23. Bxe7 Nxe7 24. Bf3 f6 25. Ng4 Nd5 26. Bxd5 exd5 27. Ne3
Bf7 28. Rfe1 Nb7 29. Nb3 c5 30. bxc5 bxc5 31. a5 cxd4 32. cxd4 Nd6 33. a6 Kb8
34. Nc5 Ka7 35. Nc2 Be8 36. Nb4 Bf7 37. Nc6+ 1-0

[Event "Karnevals-Open"]
[Site "Solingen"]
[Date "2012.02.19"]
[Round "4.24"]
[White "Surguchov, Alexander"]
[Black "Grasse, Herbert"]
[Result "1-0"]
[WhiteElo "1640"]
[BlackElo "1805"]
[PlyCount "69"]
[EventDate "2012.??.??"]
[WhiteTeam "Verein f. Sport u. Freizeit v. 1"]
[BlackTeam "SV Kamen 1930"]

1. e4 c5 2. Nf3 e6 3. c3 d5 4. e5 Nc6 5. d4 Bd7 6. a3 Qb6 7. b4 cxd4 8. cxd4
Rc8 9. Bb2 a5 10. b5 Nce7 11. a4 Nf5 12. Be2 Bb4+ 13. Nbd2 Ngh6 14. O-O O-O 15.
Nb3 Rc7 16. Ba3 Bc3 17. Bxf8 Bxa1 18. Bc5 Rxc5 19. dxc5 Qc7 20. Qxa1 f6 21.
exf6 Ng4 22. fxg7 Nh4 23. g3 Nxf3+ 24. Bxf3 Ne5 25. Bg2 Be8 26. Qd4 Nc4 27. Re1
Bf7 28. Nd2 e5 29. Qc3 Nxd2 30. Qxd2 e4 31. Qd4 Qc8 32. f3 exf3 33. Bxf3 Qf5
34. Re8+ Bxe8 35. Qxd5+ 1-0

[Event "Karnevals-Open"]
[Site "Solingen"]
[Date "2012.02.19"]
[Round "4.25"]
[White "Der, Josef"]
[Black "Becker, Carsten"]
[Result "1-0"]
[WhiteElo "1798"]
[BlackElo "1559"]
[PlyCount "109"]
[EventDate "2012.??.??"]
[WhiteTeam "Düsseldorfer SK 14/25 e."]
[BlackTeam "Stift. Bahn-Sozialwerk Schachgr."]

1. f4 e5 2. d3 exf4 3. Bxf4 g5 4. Bd2 Bd6 5. e4 Nc6 6. Bc3 Nf6 7. Nd2 Qe7 8. g3
Bb4 9. Ne2 Bxc3 10. Nxc3 d6 11. Bg2 Be6 12. O-O O-O-O 13. a4 h5 14. Qf3 Nd7 15.
Qe3 Nde5 16. h3 Qd7 17. d4 Nc4 18. Nxc4 Bxc4 19. Rf5 Nb4 20. Rc1 d5 21. Rxg5
dxe4 22. d5 Qe7 23. h4 Kb8 24. Qd4 f6 25. Rf5 Bxd5 26. Nxd5 Qe6 27. Bxe4 Nxd5
28. Rxd5 Rxd5 29. Qxd5 Qb6+ 30. Kg2 Qxb2 31. Rd1 a6 32. Qb3 Qxb3 33. cxb3 Re8
34. Rd4 c5 35. Rc4 b5 36. axb5 axb5 37. Rxc5 Rxe4 38. Rxb5+ Kc7 39. Rxh5 Rb4
40. Rf5 Rxb3 41. Rxf6 Kd7 42. Rf4 Ke6 43. g4 Ke5 44. Rf3 Rb4 45. Kg3 Re4 46. h5
Ke6 47. Kh4 Re1 48. h6 Ke7 49. Kg5 Re5+ 50. Kg6 Re6+ 51. Kg7 Re5 52. Rf5 Re4
53. g5 Rg4 54. g6 Ke6 55. Rf2 1-0

[Event "Karnevals-Open"]
[Site "Solingen"]
[Date "2012.02.19"]
[Round "4.26"]
[White "Porstmann, Jan"]
[Black "Sloka, Andreas"]
[Result "1-0"]
[WhiteElo "1632"]
[BlackElo "1796"]
[PlyCount "63"]
[EventDate "2012.??.??"]
[WhiteTeam "SG Solingen e.V."]
[BlackTeam "Krefelder SK Turm 1851 e"]

1. e4 c5 2. Nf3 d6 3. d4 cxd4 4. Nxd4 Nf6 5. Nc3 a6 6. Be3 e5 7. Nb3 Be6 8. f3
Be7 9. Qd2 Nbd7 10. g4 h6 11. O-O-O b5 12. h4 Nb6 13. Qf2 Nfd7 14. Nd5 Bxd5 15.
exd5 Nc4 16. Bd2 Nxd2 17. Rxd2 O-O 18. Kb1 b4 19. g5 hxg5 20. hxg5 Bxg5 21. Qh2
Bh6 22. Rg2 Qf6 23. Qxh6 Qxh6 24. Rxh6 g6 25. Rgh2 Kg7 26. Nd2 Nb6 27. Ne4 Rh8
28. Rxh8 Rxh8 29. Rxh8 Kxh8 30. Nxd6 Kg7 31. Bxa6 Nxd5 32. Bc4 1-0

[Event "Karnevals-Open"]
[Site "Solingen"]
[Date "2012.02.19"]
[Round "4.28"]
[White "Runte, Dirk"]
[Black "Reinacher, Detlev"]
[Result "1/2-1/2"]
[WhiteElo "1576"]
[BlackElo "1748"]
[PlyCount "71"]
[EventDate "2012.??.??"]
[WhiteTeam "SF Schlebusch"]
[BlackTeam "SC Hansa Dortmund e.V."]

1. e4 d6 2. d4 g6 3. Nc3 Bg7 4. Be3 Nf6 5. f3 Nbd7 6. Qd2 c6 7. Bh6 O-O 8. g4
a6 9. h4 e5 10. Bxg7 Kxg7 11. h5 b5 12. hxg6 fxg6 13. Qh6+ Kg8 14. O-O-O exd4
15. Rxd4 Ne5 16. Qh2 Qe7 17. Qd2 Nfxg4 18. Rxd6 Nxf3 19. Nxf3 Rxf3 20. Rd8+ Rf8
21. Rxf8+ Qxf8 22. a4 Be6 23. Be2 Qe7 24. Rd1 b4 25. Nb1 Nf2 26. Qd6 Re8 27.
Qxe7 Rxe7 28. Rd6 Bd5 29. Nd2 a5 30. exd5 Rxe2 31. Nf3 cxd5 32. Ng5 Re5 33.
Rd8+ Kg7 34. Rd7+ Kg8 35. Rd8+ Kg7 36. Rd7+ 1/2-1/2